Criminologie De L'acte Et Philosophie Pénale : (Record no. 73491)
[ view plain ]
| 000 -LEADER | |
|---|---|
| fixed length control field | 01815nam a2200361 i 4500 |
| 003 - CONTROL NUMBER IDENTIFIER | |
| control field | EG-GICUC |
| 005 - DATE AND TIME OF LATEST TRANSACTION | |
| control field | 20260426151427.0 |
| 008 - FIXED-LENGTH DATA ELEMENTS--GENERAL INFORMATION | |
| fixed length control field | 260426s1994 fr ||||fr|||| 001 0 Fre d |
| 017 ## - COPYRIGHT OR LEGAL DEPOSIT NUMBER | |
| Copyright or legal deposit number | 2-7111-2389-8 |
| 040 ## - CATALOGING SOURCE | |
| Original cataloging agency | EG-GiCUC |
| Language of cataloging | fre |
| Transcribing agency | EG-GiCUC |
| Modifying agency | EG-GiCUC |
| Description conventions | Rda |
| 041 0# - LANGUAGE CODE | |
| Language code of text/sound track or separate title | fre |
| 082 04 - DEWEY DECIMAL CLASSIFICATION NUMBER | |
| Edition number | 21 |
| Classification number | 343.6 |
| Item number | DO . C |
| 092 04 - LOCALLY ASSIGNED DEWEY CALL NUMBER (OCLC) | |
| Edition number | 21 |
| 099 ## - LOCAL FREE-TEXT CALL NUMBER (OCLC) | |
| Classification number | Law1 10 343.6 DO . C 1994 |
| 100 1# - MAIN ENTRY--PERSONAL NAME | |
| Personal name | dormont, Lygia Négrier |
| Relator term | Auteur |
| 245 10 - TITLE STATEMENT | |
| Title | Criminologie De L'acte Et Philosophie Pénale : |
| Remainder of title | De L'ontologie Criminelle Des Anciens À La Victimologie Appliquée / |
| Statement of responsibility, etc. | Lygia Négrier-dormont, Stamatios Tzitzis ; Préface Hans-albrecht Schwarz-liebermann Von Wahlendorf ; Postface George C. Christie |
| 264 1# - PRODUCTION, PUBLICATION, DISTRIBUTION, MANUFACTURE, AND COPYRIGHT NOTICE | |
| Place of production, publication, distribution, manufacture | Paris : |
| Name of producer, publisher, distributor, manufacturer | Libraire de la Cour de cassation, |
| Date of production, publication, distribution, manufacture, or copyright notice | [1994]. |
| 300 ## - PHYSICAL DESCRIPTION | |
| Extent | 182 page, pages non numérotées, pagination diverse ; |
| Dimensions | 24 cm. |
| 336 ## - CONTENT TYPE | |
| Source | rda contenu |
| Content type term | texte |
| 337 ## - MEDIA TYPE | |
| Source | rda medias |
| Media type term | Ordinateur |
| 338 ## - CARRIER TYPE | |
| Source | transporteur rda |
| Carrier type term | Ressource en ligne |
| 500 ## - GENERAL NOTE | |
| General note | Nous rappelons donc qu'il est interdit de reproduire intégralement ou partiellement sur quelque sup port que ce soit le présent ouvrage sans autorisation de l'auteur, de son éditeur ou du Centre franquis d'exploitation du droit de copie (CFC), 3, rue Hautefeuille, 75006 Paris (Code de la propriété astel lectuelle, articles L. 122-4, L. 122-5 et L. 335-2). |
| 504 ## - BIBLIOGRAPHY, ETC. NOTE | |
| Bibliography, etc. note | Comprend des références bibliographiques et un index.<br/><br/> |
| 546 ## - LANGUAGE NOTE | |
| Language note | Texte en français |
| 650 1# - SUBJECT ADDED ENTRY--TOPICAL TERM | |
| Topical term or geographic name entry element | Droit pénal |
| Source of heading or term | qrmak |
| 651 1# - SUBJECT ADDED ENTRY--GEOGRAPHIC NAME | |
| Source of heading or term | qrmak |
| 700 1# - ADDED ENTRY--PERSONAL NAME | |
| Personal name | Tzitzis, Stamatios |
| Relator term | Co-Auteur |
| 700 1# - ADDED ENTRY--PERSONAL NAME | |
| Personal name | liebermann Von Wahlendorf, Hans-albrecht Schwarz. |
| Relator term | Contributeur |
| 700 1# - ADDED ENTRY--PERSONAL NAME | |
| Personal name | C. Christie, Postface George |
| Relator term | Contributeur |
| 856 40 - ELECTRONIC LOCATION AND ACCESS | |
| Uniform Resource Identifier | <a href="https://fll.law.cu.edu.eg/fulltext/bks/B10-11458.pdf">https://fll.law.cu.edu.eg/fulltext/bks/B10-11458.pdf</a> |
| 905 ## - Cataloger and Reviser Names | |
| Cataloger Name: | Omar |
| 942 ## - ADDED ENTRY ELEMENTS (KOHA) | |
| Source of classification or shelving scheme | Dewey Decimal Classification |
| Suppress in OPAC | No |
| Koha item type | Books |
| Edition | 21 |
| Withdrawn status | Lost status | Source of classification or shelving scheme | Damaged status | Not for loan | Collection | Home library | Current library | Date acquired | Total checkouts | Full call number | Barcode | Date last seen | Copy number | Price effective from | Koha item type |
|---|---|---|---|---|---|---|---|---|---|---|---|---|---|---|---|
| Dewey Decimal Classification | Not for loan | القانون الجنائي | جــــامعة القــاهرة | مكتبة كلية الحقوق - المبنى الرئيسي | 26.04.2026 | Law1 10 343.6 DO . C 1994 1011458 C1 | B10-11458 | 26.04.2026 | 1 | 26.04.2026 | Books |